| 000 | 00872cam a2200265 i 4500 | ||
|---|---|---|---|
| 001 | 1137634 | ||
| 003 | YEEZEN | ||
| 005 | 20250903140906.0 | ||
| 008 | 240716s2024 ch g 000 0 chi d | ||
| 020 |
_a9786263963146 _q(平裝) : _cNT$380 |
||
| 040 |
_a靜宜 _bchi _eCCR _dPTTCL _c. |
||
| 042 | _anbic | ||
| 084 |
_a176.5 _2ncsclt |
||
| 090 | _a176.5 | ||
| 100 | 1 | _a盧熠翎 | |
| 245 | 1 | 0 |
_a為什麼別人講一句就爆炸? : _b找到你的情緒觸動按鈕, 清理負面信念, 不再被綑綁的轉化練習 / _c盧熠翎著 |
| 246 | 1 | _a為什麼別人講1句就爆炸? | |
| 246 | 1 | _a找到你的情緒觸動按鈕, 清理負面信念, 不再被綑綁的轉化練習 | |
| 250 | _a初版 | ||
| 260 |
_a臺北市 : _b時報文化, _c2024.06 |
||
| 300 |
_a319 面 ; _c21 公分 |
||
| 490 | 0 |
_aLearn ; _v077. |
|
| 650 | 7 |
_a情緒管理 _2lcstt. |
|
| 942 |
_2ccl _cBOOK |
||
| 999 |
_c7673 _d7673 |
||